| 000 | 01145nam0a22002891 4500 | ||
|---|---|---|---|
| 001 | rc\3371369 | ||
| 005 | 20250609222442.0 | ||
| 021 |
_aRU _b[72-81490] |
||
| 035 | _a(NLR Aleph) 007530283 | ||
| 090 |
_a7752940 _c7752940 |
||
| 100 | _a20130115d1972 |||y0rusy50 ca | ||
| 101 | 0 | _arus | |
| 102 | _aRU | ||
| 105 | _ay z ||||| | ||
| 200 | 1 |
_aНекоторые современные аспекты диагностики и лечения меланомы кожи _eНауч. обзор _fМ-во здравоохранения СССР. Всесоюз. науч.-исслед. ин-т мед. и мед.-техн. информации |
|
| 210 |
_aМосква _cБ. и. _d1972 |
||
| 215 |
_a112 с. _d20 |
||
| 300 | _aНа обл. авт. не указаны | ||
| 320 | _aСписок лит.: с. 89-111 | ||
| 606 |
_aМеланомы кожи _2psbo |
||
| 700 | 1 |
_aТрапезников _bН.Н. _gНиколай Николаевич |
|
| 701 | 1 |
_aЯворский _bВ.В. _gВячеслав Владимирович |
|
| 801 | 0 |
_aRU _bNLR _gpsbo |
|
| 801 | 1 |
_aRU _bELAR _2rusmarc |
|
| 852 |
_aNLR _j72-3/10846 |
||
| 942 | _cBOOK | ||
| 980 | _aNB | ||